Responses for Show #572 - Tuesday, February 17, 1987

1987 Teen Tournament quarterfinal game 2.

Contestants

[<< previous game]

Mitch Epner, a senior at Half Hollow Hills West High School from Dix Hills, New York

Amy Wilson, a junior at McGuinness High School from Oklahoma City, Oklahoma

Michael Galvin, a senior at Shaker Heights High School from Shaker Heights, Ohio

[next game >>]

Jeopardy! Round responses

LAKES & RIVERS
LEGENDS
TV ALIENS
OUTDOOR SPORTS
MULTIPLE CHOICE
FAMOUS PATS
    $100 1
Yellow River

Mitch
    $100 11
fire

Michael
    $100 3
Earth

Mitch
    $100 2
archery

Amy
    $100 20
Mickey

Michael
    $100 24
Pat Sajak

Michael
    $200 16
(Amy: What is an iceberg?)

glacier

MichaelAmy
    $200 12
sea

Mitch
    $200 4
(Amy: Who is Mork?)

Superman

Amy
Triple Stumper
    $200 5
horseshoes

Michael
    $200 21
pride

Michael
    $200 25
(Alex: That's right and we've got a minute to go in the round.)

Pat Harrington

Amy
    $300 17
(Alex: "Ol' Man River" from the musical Show Boat.)

the Mississippi

Michael
    $300 13
Paul Bunyan

Amy
    $300 8
Greatest American Hero

Mitch
    $300 6
Fernando Valenzuela

Mitch
    $300 22
Alaska

Triple Stumper
    $300 26
Pat Summerall

Mitch
    $400 18
poisonous gas

Michael
    $400 14
Robin Hood

Mitch
    $400 10
Alf

Triple Stumper
    $400 7
baton

Amy
    $400 23
"Blue Suede Shoes"

Amy
    $400 28
Pat Nixon

Michael
    $500 19
Soviet Union

Michael
    $500 15
Ichabod Crane

Michael
    $500 30
He-Man

Amy
    $500 9
Steve Cauthen

Michael
    $500 27
31

Michael
    $500 29
Pat Benatar

Michael

Scores at the first commercial break (after clue 15):

Michael Amy Mitch
$1,300 $600 $1,400

Scores at the end of the Jeopardy! Round:

Michael Amy Mitch
$4,500 $1,500 $1,700

Double Jeopardy! Round responses

U.S. HISTORY
SHIPS
DOGS
GRAMMAR
SICKNESS & HEALTH
BUSINESS IN "GENERAL"
    $200 4
(Amy: What is the Ten Best Dressed Men list?)

Ten Most Wanted list

AmyMitch
    $200 14
Noah's Ark

Mitch
    $200 19
greyhound

Mitch
    $200 1
an

Michael
    $200 9
larynx (voice box)

Mitch
    $200 12
General Motors

Michael
    $400 5
Daniel Boone

Michael
    $400 15
H.M.S. Pinafore

Mitch
    $400 24
(Amy: What is a junkyard hound, [*]?)

junkyard dog

Amy
    $400 2
between you & me

Michael
    $400 20
Heimlich maneuver

Amy
    $400 13
General Mills

Mitch
    $600 6
(Michael: What is Attorney General?)
(Mitch: Uh, what is, uh, Inspector General?)

Chief Justice of the Supreme Court

MichaelAmyMitch
    $600 16
Mayflower

Michael
    $600 25
chihuahua

Michael
    $600 3
seashore

Mitch
    $600 21
iodine

Mitch
    $600 28
General Tire

Michael
    $800 10
James Monroe

Michael
    $800 17
Merrimack

Michael
    $800 26
collie

Michael
    $800 7
(Amy: What are nouns and adjectives?)

(2 of) verbs, adjectives & other adverbs

Amy
    $900 22
(Mitch: What is Tourette's syndrome?)

mumps

Mitch
    $800 29
General Electric

Mitch
    $1000 11
(Mitch: What is 4?)

3

MichaelMitch
    $1000 18
Beagle

Michael
    $1000 27
(Mitch: What is a Malamute?)
...
(Alex: Mitch, we're back to you and we've got a minute to go.)

Samoyed

Mitch
Triple Stumper
    $1000 8
subordinate (dependent)

Amy
    $1000 23
vitamins

Mitch
    $1000 30
General Dynamics

Mitch

Scores at the end of the Double Jeopardy! Round:

Michael Amy Mitch
$11,300 $2,900 $3,800
(lock game)

Final Jeopardy! Round responses

THE MOVIES
AmyWho is Harrison Ford??
$2,000
MitchWho is Harrison Ford
$2,001
MichaelWho is Harrison Ford?
$0
Harrison Ford

Final scores:

Michael Amy Mitch
$11,300 $4,900 $5,801
Automatic semifinalist 3rd place: $1,000 if eliminated 2nd place: $1,000 if eliminated

Game dynamics:

Coryat scores:

Michael Amy Mitch
$11,300 $3,700 $4,700
26 R
(including 1 DD),
1 W
10 R,
4 W
(including 1 DD)
18 R,
4 W
(including 1 DD)

Combined Coryat: $19,700

[game clues] [game scores] [suggest correction]

Game tape date: 1986-12-28
The J! Archive is created by fans, for fans. Scraping, republication, monetization, and malicious use prohibited; this site may use cookies and collect identifying information. See terms. The Jeopardy! game show and all elements thereof, including but not limited to copyright and trademark thereto, are the property of Jeopardy Productions, Inc. and are protected under law. This website is not affiliated with, sponsored by, or operated by Jeopardy Productions, Inc. Join the discussion at JBoard.tv.